PROTECTION and management of the tropical forests : 3rd Tropical Forest Report of the German Federal Government

Bibliographic Details
Format: Book
Published: Bonn : Federal Ministry of Food, Agriculture and Forestry , 1993
Subjects:

MARC

LEADER 00000cam a2200000 7i4500
001 0000002648
005 20030910.0
090 0 0 |a 634.920913   |b PRO 1993 
245 0 0 |a PROTECTION and management of the tropical forests :   |b 3rd Tropical Forest Report of the German Federal Government 
260 0 0 |a Bonn :   |b Federal Ministry of Food, Agriculture and Forestry ,   |c 1993 
300 |a iv, 74 p. ;   |c 30 cm. 
500 0 0 |a Bibliography : p. 63-71 
650 0 0 |a Forest management   |z Tropics 
650 0 0 |a Rain forest conservation 
998 |a JPSM 
999 |a 0000004020   |b Monograph   |c Open Shelf   |e Default branch